00275nam a2200097 a 450000500170000000800410001705000170005824500360007526000370011144000290014820140414131908.0101006s19uu xx 00 eng d aERbAm1 1998 aAmy and the special snowflakes. aNew Jersey :bGrandreams,c1998. aInspirational Board Book